LEADER 01275nam a2200265 4500 001 000000357364 003 CaOOAMICUS 005 20240226155828.0 008 240226s1804 it f 000 u ita r 026 $ec-te roli sai- gose (3) 1804 (R) 040 $aSeMil$bita 100 11$aFerrari, Francesco Bernardino,$d<1744-1821>.$0(OLS)http://semarc/name/118463 245 10$aDella fabbrica delle chiese trattato di Francesco Bernardino Ferrari architetto milanese. 264 1$aMilano :$bNella stamperia di Giuseppe Galeazzi,$c1804. 300 $a88 p.,$b[2] c. di tav. ripiegata : ill. calcolgrafiche ;$c4° 500 $aSegn.: A-L? 500 $aFregio xilografico sul frontespizio 700 1 $aGaleazzi, Giuseppe,$c.$0(OLS)http://semarc/name/2995 850 $aSeMil 852 $aSeMil$W1$xVenegono$y1$m5A VI 9/6$j246598$B248539$CSeMilBibl$Z2$F248539 $8I 961 $aRecupero da Biblioteca Seminario liceale - Monza 961 $aEtichetta della Biblioteca del Seminario liceale di Monza 996 $6245$aDella fabbrica delle chiese trattato di Francesco Bernardino Ferrari architetto milanese$9(OLS)http://semarc/title/447593 996 $6264$aMilano :$bNella stamperia di Giuseppe Galeazzi$9(OLS)http://semarc/publisher/46007 LEADER 00968nam a2200229 4500 001 000000358563 003 CaOOAMICUS 005 20240604161148.0 008 240604s18uu it 000 u ita r 040 $aSeMil$bita 100 1 $aGagliardi, Damaso.$0(OLS)http://semarc/name/119795 245 10$aDell'attuale progresso degl'italiani :$bpensiero /$c[Damaso Gagliardi]. 264 1$aNovara :$bMerati,$c[18-?] 300 $a12 p. ;$c18 cm 650 4$aPatriottismo - Italia - Sec. 19.$0(OLS)http://semarc/subject/31496 850 $aSeMil 852 $aSeMil$W1$xVenegono$y1$m5C VI 2/19$j248604$B249666$CSeMilBibl$Z2$F249666 $8I 961 $aRecupero da Biblioteca Mantegazza - Seminario di Milano 961 $aTimbro della Biblioteca Mantegazza del Seminario di Milano 996 $6245$aDell'attuale progresso degl'italiani :$bpensiero$9(OLS)http://semarc/title/448929 996 $6264$aNovara :$bMerati$9(OLS)http://semarc/publisher/51042 LEADER 01054nam a2200241 i 4500 001 000000105704 003 CaOOAMICUS 005 20031117000000.0 008 031117s1994 it u000 u ita u 013 $a77898 020 $a88-01-10337-9 040 $aSeMil$bita 245 10$aIo ho scelto voi :$bguida per il catechista : per la catechesi con gli adolescenti e per l'utilizzazione del CdG-1. 300 $a368 p. 490 0 $aGuide ai catechismi CEI 700 1 $aRuta, Giuseppe <1959- >.$0(OLS)http://semarc/name/43962 773 0 $tCatechismo dei giovani.$dLeumann (Torino) : Elle Di Ci $g1$w()7191 830 0$aGuide ai catechismi CEI.$0(OLS)http://semarc/title/35870 850 $aSeMil 852 $aSeMil$W1$xVenegono$y1$m2C VI 148$j61866$B61866$CSeMilBibl$Z2$F77062 $81 961 $aOmaggio: Bagatin Luca 996 $6020$a88-01-10337-9$9(OLS)http://semarc/number/85884 996 $6245$aIo ho scelto voi :$bguida per il catechista : per la catechesi con gli adolescenti e per l'utilizzazione del CdG-1$9(OLS)http://semarc/title/153069